000 00621nam a2200229Ia 4500
005 20140311163141.0
008 140130s9999 xx 000 0 und d
020 _a9780439760959
050 _aPZ 7
_b.C35927Hap 2005
100 _aChanda, J-P.
_931202
245 _cJ-P Chanda.
_aHappy Birthday spongebob! /
260 _bScholastic Inc.,
_cc2005.
_aUSA :
300 _a18 p. :
_bcol. ill. ;
_c23 cm.
440 _v1
_931174
521 _aG1
526 _c220
650 _aRebuses.
_92782
650 _aBirthdays
_xFiction.
_931203
650 _aSurprise
_xFiction.
_931204
942 _cBK
_2lcc
999 _c41905
_d41905